squadre di calcio delle competizioni più importanti 2022/2023 - Statistics

Statistiche generali
  • Questo quiz è stato fatto 923 volte
  • Il punteggio medio è 87 su 180
Statistiche sulle risposte
CAMPIONATO SQUADRE posizione % Corretto
BUNDESLIGA BUNDESLIGA 20
100%
BUNDESLIGA BUNDESLIGA 19
99%
LIGUE 1 LIONE 7
97%
PREMIER LEAGUE MANCHESTER CITY 1
95%
UCL MANCHESTER CITY FINALE
95%
SERIE A INTER 3
93%
UCL INTER FINALE
93%
PREMIER LEAGUE MANCHESTER UNITED 3
93%
SERIE A JUVENTUS 7
92%
UCL JUVE GIRONI
91%
EUL JUVE SEMIFINALE
91%
LIGUE 1 MARSIGLIA 3
91%
SERIE A MILAN 4
91%
UCL MILAN SEMIFINALE
91%
PREMIER LEAGUE LIVERPOOL 5
89%
UCL LIVERPOOL OTTAVI
89%
SERIE A LAZIO 2
88%
EUL LAZIO GIRONI
88%
SERIE A NAPOLI 1
88%
UCL NAPOLI QUARTI
88%
EUL MANCHESTER UNITED QUARTI
87%
PREMIER LEAGUE ARSENAL 2
86%
EUL ARSENAL OTTAVI
86%
SERIE A ATALANTA 5
84%
SERIE A FIORENTINA 8
84%
PREMIER LEAGUE CHELSEA 12
83%
UCL CHELSEA QUARTI
83%
SERIE A ROMA 6
80%
EUL ROMA FINALE
80%
BUNDESLIGA BAYERN MONACO 1
79%
UCL BAYERN MONACO QUARTI
79%
LA LIGA REAL MADRID 2
79%
UCL REAL MADRID SEMIFINALE
79%
UCL UCL UCL
79%
UCL UCL UCL
79%
UCL UCL UCL
79%
UCL UCL UCL
79%
UCL UCL UCL
79%
UCL UCL UCL
79%
UCL UCL UCL
79%
UCL UCL UCL
79%
SERIE A BOLOGNA 9
78%
PREMIER LEAGUE TOTTENHAM 8
78%
UCL TOTTENHAM OTTAVI
78%
LA LIGA BARCELLONA 1
77%
SERIE A TORINO 10
77%
SERIE A SASSUOLO 13
76%
BUNDESLIGA BORUSSIA DORTMUND 2
75%
UCL BORUSSIA DORTMUND OTTAVI
75%
SERIE A SAMPDORIA 20
74%
SERIE A UDINESE 12
74%
SERIE A HELLAS VERONA 18
73%
LIGUE 1 PSG 1
71%
LA LIGA ATLETICO MADRID 3
70%
UCL ATLETICO MADRID GIRONI
70%
UCL PSG OTTAVI
70%
PREMIER LEAGUE ASTON VILLA 7
68%
BUNDESLIGA BAYER LEVERKUSEN 6
68%
SERIE A LECCE 16
68%
SERIE A MONZA 11
68%
UCL BARCELLONA GIRONI
67%
EUL BARCELLONA SPAREGGI
67%
SERIE A SALERNITANA 15
67%
SERIE A EMPOLI 14
66%
PREMIER LEAGUE NEWCASTLE 4
65%
LA LIGA SIVIGLIA 12
64%
UCL SIVIGLIA GIRONI
64%
EUL SIVIGLIA FINALE
64%
PREMIER LEAGUE BRIGHTON 6
60%
PREMIER LEAGUE LEICESTER 18
60%
PREMIER LEAGUE WEST HAM 14
59%
BUNDESLIGA LIPSIA 3
58%
UCL LIPSIA OTTAVI
58%
SERIE A SPEZIA 17
57%
SERIE A CREMONESE 19
56%
LA LIGA VILLAREAL 5
54%
LA LIGA VALENCIA 16
53%
PREMIER LEAGUE EVERTON 17
52%
LIGUE 1 MONACO 6
50%
EUL MONACO SPAREGGI
50%
UCL BENFICA QUARTI
49%
BUNDESLIGA FRANCOFORTE 7
49%
LA LIGA REAL BETIS 6
49%
EUL REAL BETIS OTTAVI
49%
PREMIER LEAGUE NOTTINGHAM FORREST 16
48%
PREMIER LEAGUE WOLVERHAMPTON 13
47%
UCL PORTO OTTAVI
46%
LA LIGA REAL SOCIEDAD 4
45%
EUL REAL SOCIEDAD OTTAVI
45%
LA LIGA GIRONA 10
44%
UCL AJAX GIRONI
42%
EUL AJAX SPAREGGI
42%
LIGUE 1 LILLE 5
42%
PREMIER LEAGUE BRENTFORD 9
41%
PREMIER LEAGUE CRYSTAL PALACE 11
41%
PREMIER LEAGUE SOUTHAMPTON 20
41%
BUNDESLIGA STOCCARDA 16
41%
PREMIER LEAGUE FULHAM 10
40%
PREMIER LEAGUE LEEDS UNITED 19
40%
UCL LEVERKUSEN GIRONI
40%
EUL LEVERKUSEN SEMIFINALE
40%
BUNDESLIGA UNION BERLINO 4
38%
EUL UNION BERLINO OTTAVI
38%
BUNDESLIGA WOLFSBURG 8
38%
LIGUE 1 NIZZA 8
37%
BUNDESLIGA BORUSSIA M'GLADBACH 10
36%
BUNDESLIGA SCHALKE 17
36%
UCL SPORTING GIRONI
36%
EUL SPORTING QUARTI
36%
LIGUE 1 LENS 2
35%
EUL PSV SPAREGGI
35%
BUNDESLIGA FRIBURGO 5
34%
EUL FRIBURGO OTTAVI
34%
BUNDESLIGA MAINZ 9
34%
LIGUE 1 NANTES 16
34%
EUL NANTES SPAREGGI
34%
LIGUE 1 RENNES 4
33%
EUL RENNES SPAREGGI
33%
BUNDESLIGA WENDER BREMA 13
33%
BUNDESLIGA COLONIA 11
32%
UCL FRANCOFORTE OTTAVI
32%
BUNDESLIGA HOFFENHEIM 12
31%
PREMIER LEAGUE BOURNEMOUTH 15
30%
EUL FEYENOORD QUARTI
30%
LA LIGA CELTA VIGO 13
29%
LA LIGA GETAFE 15
29%
LA LIGA OSASUNA 7
29%
LIGUE 1 BREST 14
28%
LA LIGA ESPANYOL 19
28%
UCL MARSIGLIA GIRONI
28%
UCL CELTIC GIRONI
26%
LIGUE 1 MONTPELLIER 12
26%
LA LIGA RAYO VALLECANO 11
26%
LA LIGA MAIORCA 9
25%
UCL RANGERS GIRONI
24%
LIGUE 1 TOLOSA 13
24%
LIGUE 1 STRASBURGO 15
23%
BUNDESLIGA BOCHUM 14
22%
UCL SALISBURGO GIRONI
22%
EUL SALISBURGO SPAREGGI
22%
UCL BRUGGE OTTAVI
21%
LIGUE 1 REIMS 11
21%
LA LIGA VALLADOLID 18
20%
LA LIGA ELCHE 20
19%
UCL MACCABI HAIFA GIRONI
19%
EUL BRAGA GIRONI
18%
UCL DINAMO ZAGABRIA GIRONI
18%
EUL STELLA ROSSA GIRONI
18%
LIGUE 1 ANGERS 20
17%
LIGUE 1 AUXERRE 17
17%
BUNDESLIGA HERTHA 18
17%
LIGUE 1 AJACCIO 18
16%
BUNDESLIGA AUSBURG 15
16%
EUL DINAMO KIEV GIRONI
16%
LA LIGA ALMERIA 17
15%
EUL BODO GLIMT GIRONI
15%
EUL FENERBACHE OTTAVI
13%
EUL MALMO GIRONI
13%
LIGUE 1 TROYES 19
13%
LA LIGA CADIZ 14
12%
LIGUE 1 CLERMONT 9
12%
UCL VIKTORIA PLZEN GIRONI
12%
EUL FERENCVAROS OTTAVI
10%
EUL OLYMPIAKOS GIRONI
9%
EUL SHAKHTAR OTTAVI
8%
UCL SHAKHTAR DONESK GIRONI
8%
EUL UNION SAINT GILLOISE QUARTI
8%
UCL COPENHAGEN GIRONI
7%
EUL LUDOGORETS GIRONI
7%
EUL QARABAG GIRONI
7%
EUL SHERIFF GIRONI
7%
EUL STURM GRAZ GIRONI
7%
EUL ZURIGO GIRONI
6%
EUL TRABZONSPOR GIRONI
4%
EUL HELSINKI GIRONI
3%
EUL OMONIA GIRONI
2%
LA LIGA ATLETICO BILBABO 8
1%
LIGUE 1 LORIET 10
1%
EUL LANARCA GIRONI
0%
EUL MUDTJYLLAND SPAREGGI
0%
Nessun quiz corrispondente trovato
Distribuzione punteggi
Percentuale di utenti per punteggio
Percentile per numero di risposta
I tuoi punteggi nel tempo
Non hai fatto questo quiz